Čína - Rusko - USA
Bilaterálne politické a hospodárske vzťahy medzi Čínou, Ruskom a USA z pohľadu Číny.
Na minha lista:
| Autor principal: | |
|---|---|
| Formato: | Livro |
| Idioma: | tcheco |
| Assuntos: | |
| Tags: |
Sem tags, seja o primeiro a adicionar uma tag!
|
MARC
| LEADER | 00000nam a2200000 4500 | ||
|---|---|---|---|
| 001 | r031832 | ||
| 005 | 20230927114447.0 | ||
| 041 | 0 | |a cze | |
| 044 | |a CZ | ||
| 245 | 1 | 0 | |a Čína - Rusko - USA |c Sung S-Ming |
| 520 | |a Bilaterálne politické a hospodárske vzťahy medzi Čínou, Ruskom a USA z pohľadu Číny. | ||
| 610 | 2 | 0 | |a politika zahraničná |
| 610 | 2 | 0 | |a politika zahraničnohospodárska |
| 610 | 2 | 0 | |a politika zahraničnoobchodná |
| 610 | 2 | 0 | |a politika medzinárodná |
| 610 | 2 | 0 | |a Čína |
| 610 | 2 | 0 | |a Rusko |
| 610 | 2 | 0 | |a USA |
| 100 | 1 | |a S-Ming, Sung | |